Konstruktionswissenschaft : Grundlagen und Methoden /

Gespeichert in:
Bibliographische Detailangaben
1. Verfasser: Hansen, Friedrich (Verfasst von)
Format: Buch
Sprache:Deutsch
Veröffentlicht: Berlin : VEB Verlag Technik, 1974
Tags: Tag hinzufügen
Keine Tags, Fügen Sie das erste Tag hinzu!

MARC

LEADER 00000nam a22000003a 4500
001 stu36734
005 20150617225727.6
008 920618s1974----gw------------------ger-d
040 |a STU  |b slo 
041 0 |a ger 
044 |a gw 
100 1 |a Hansen, Friedrich  |4 aut 
245 1 |a Konstruktionswissenschaft :  |b Grundlagen und Methoden /  |c [aut.]Friedrich Hansen 
260 |a Berlin :  |b VEB Verlag Technik,  |c 1974 
300 |a 165 s 
996 |b 284M012584  |c M*5793-1  |l MMKN  |s A  |a 24  |w stu36734_0001